S. E. Hinton Bibliography - Statistics

General Stats
  • This quiz has been taken 4 times
  • The average score is 2 of 23
Answer Stats
Type Year Name % Correct
Novel 1967 The Outsiders
100%
Novel 1975 Rumble Fish
25%
Novel 1979 Tex
25%
Novel 1971 That Was Then, This Is Now
25%
Short Story 2007 After the Party
0%
Children's Book 1995 Big David, Little David
0%
Short Story 2007 Class Time
0%
Short Story 2007 Different Shorelines
0%
Short Story 2007 Full Moon Birthday
0%
Novel 2004 Hakes Harbor
0%
Short Story 2007 Homecoming
0%
Short Story 2007 Jailed
0%
Short Story 2007 No White Light No Tunnel
0%
Short Story 2007 Sentenced
0%
Short Story Collection 2007 Some of Tim's Stories
0%
Novel 1988 Taming the Star Runner
0%
Short Story 2007 The Girl Who Loved Movies
0%
Short Story 2007 The Missed Trip
0%
Children's Novel 1995 The Puppy Sister
0%
Short Story 2007 The Sweetest Sound
0%
Short Story 2007 The Will
0%
Short Story 2007 Visit
0%
Short Story 2007 What's Your Poison
0%
No matching quizzes found
Score Distribution
Percent of People with Each Score
Percentile by Number Answered
Your Score History
You have not taken this quiz